[Event "Tournoi Skype 028B"]
[Site "Skype"]
[Date "????.??.??"]
[Round "6.34"]
[White "Vervoort, Jean-Louis"]
[Black "Funez, Lilian"]
[Result "1-0"]
[WhiteElo "1273"]
[BlackElo "1000"]
[PlyCount "111"]

1. d4 Nf6 2. Bf4 e6 3. Nf3 h6 4. Nc3 a6 5. e4 d6 6. Bd3 Nc6 7. Bc4 g6 8. e5
dxe5 9. dxe5 Qxd1+ 10. Rxd1 Nh5 11. Bg3 Nb4 12. Rd2 Bg7 13. O-O O-O 14. a3 Nc6
15. Rfd1 b5 16. Ba2 Bb7 17. Ne2 Nxg3 18. fxg3 Ne7 19. b4 Nf5 20. Rd3 h5 21. h3
Bh6 22. g4 hxg4 23. hxg4 Ne3 24. Rb1 Nxg4 25. Ng3 Be3+ 26. Kf1 Bxf3 27. gxf3
Nh2+ 28. Kg2 Bf4 29. Kxh2 Bxe5 30. Rbd1 Kg7 31. Kg2 Bf6 32. Ne4 Bb2 33. Kh3
Bxa3 34. Rxa3 Rh8+ 35. Kg2 e5 36. Rad3 Rh5 37. Rd7 Rf8 38. Rxc7 g5 39. Rdd7 Kg6
40. Bxf7+ Kf5 41. Bxh5 Kf4 42. Rf7+ Rxf7 43. Rxf7+ Ke3 44. Nxg5 Kd2 45. Ne4+
Kxc2 46. Rc7+ Kb3 47. Bf7+ Kxb4 48. Nc3 a5 49. Be8 a4 50. Nxa4 Kxa4 51. Bxb5+
Kxb5 52. Kf2 Kb6 53. Rc1 Kb5 54. Ke2 Kb4 55. Kd2 Kb3 56. Rc3+ 1-0

[Event "Tournoi Skype 028B"]
[Site "Skype"]
[Date "????.??.??"]
[Round "6.38"]
[White "Abate, Luigi"]
[Black "Ibanez, Bittor"]
[Result "1/2-1/2"]
[WhiteElo "1189"]
[BlackElo "1000"]
[PlyCount "118"]

1. c4 c5 2. e4 Nc6 3. d3 e6 4. b3 g6 5. Bg5 f6 6. Bh4 g5 7. Bg3 e5 8. Qh5+ Ke7
9. Nf3 Qa5+ 10. Nbd2 Nd4 11. Nxd4 cxd4 12. Be2 Bh6 13. a4 g4 14. Rd1 d6 15.
Qxg4 Bxg4 16. Bxg4 Bxd2+ 17. Rxd2 h5 18. Bf5 Qc3 19. f4 h4 20. Bf2 exf4 21. h3
Qxb3 22. O-O Qxa4 23. Bxd4 Rh5 24. Bg4 Rg5 25. Rxf4 Qa5 26. Rd1 b5 27. c5 dxc5
28. Bxc5+ Rxc5 29. d4 Rc3 30. e5 Rac8 31. Re4 f5 32. Bxf5 Nf6 33. exf6+ Kxf6
34. Bxc8 Rxc8 35. Rf1+ Kg6 36. Re6+ Kg7 37. Ref6 Qb6 38. Rxb6 axb6 39. Rb1 Rd8
40. Rxb5 Rxd4 41. Rxb6 Rf4 42. Rb5 Kg6 43. Kh1 Kh6 44. g3 hxg3 45. Rb3 Kh5 46.
Rxg3 Kh4 47. Kg2 Ra4 48. Kf3 Rb4 49. Rg4+ Rxg4 50. hxg4 Kg5 51. Kg3 Kg6 52. Kf4
Kh6 53. g5+ Kg6 54. Kg4 Kg7 55. Kf5 Kh7 56. g6+ Kg7 57. Kg5 Kg8 58. Kf6 Kf8 59.
g7+ Kg8 1/2-1/2

[Event "Tournoi Skype 028B"]
[Site "Skype"]
[Date "????.??.??"]
[Round "6.40"]
[White "Almendares, Maximo"]
[Black "Rivalta, Paolo"]
[Result "0-1"]
[WhiteElo "1000"]
[BlackElo "1101"]
[PlyCount "60"]

1. e4 e5 2. Nf3 Nc6 3. Bb5 Na5 4. Nxe5 Qe7 5. d4 f6 6. Qh5+ g6 7. Nxg6 Qxe4+ 8.
Be2 Qxg6 9. Qxa5 Qxg2 10. Rf1 Qxh2 11. Nc3 b6 12. Qa4 Bb7 13. Be3 Bg2 14. O-O-O
Bxf1 15. Bxf1 a5 16. Nb5 Ne7 17. f4 Nd5 18. c4 Nxe3 19. Re1 Qxf4 20. d5 Kd8 21.
Nxc7 Nxf1+ 22. Kb1 Nd2+ 23. Ka1 Kxc7 24. Qc2 Bb4 25. Rd1 Qe3 26. c5 Rac8 27.
cxb6+ Kxb6 28. Qf5 Qd4 29. Rh1 Ba3 30. Qxd7 Qxb2# 0-1

[Event "Tournoi Skype 028B"]
[Site "Skype"]
[Date "????.??.??"]
[Round "6.41"]
[White "Jimenez Del Rosario, Alsis Raynely"]
[Black "Hargez, Dany"]
[Result "1-0"]
[WhiteElo "1000"]
[BlackElo "1296"]
[PlyCount "67"]

1. e4 c5 2. Nc3 e6 3. Nf3 Nc6 4. e5 Nd4 5. Nxd4 cxd4 6. Nb5 d6 7. Nxd4 dxe5 8.
Bb5+ Bd7 9. Bxd7+ Qxd7 10. Ne2 Nf6 11. O-O Bd6 12. d4 e4 13. Be3 Ng4 14. g3 O-O
15. c4 e5 16. c5 Be7 17. dxe5 Qe6 18. Nf4 Qxe5 19. Qxg4 f5 20. Qe2 Rac8 21. b4
Rc6 22. Rfd1 Bg5 23. Bd4 Qe7 24. Qc4+ Kh8 25. Nh5 Bh6 26. b5 Rg6 27. c6 bxc6
28. Bc5 Qg5 29. Bxf8 Qxh5 30. Bc5 Bg5 31. Bxa7 f4 32. bxc6 Bf6 33. c7 h6 34.
c8=Q+ 1-0

[Event "Tournoi Skype 028B"]
[Site "Skype"]
[Date "????.??.??"]
[Round "6.42"]
[White "Luna Perez Vico, Lorenzo"]
[Black "Hernandez, Enrique"]
[Result "0-1"]
[WhiteElo "1458"]
[BlackElo "1009"]
[PlyCount "90"]

1. e4 e6 2. d4 d5 3. Nd2 c5 4. c3 cxd4 5. cxd4 dxe4 6. Nxe4 Bb4+ 7. Nc3 Ne7 8.
Nf3 O-O 9. Bd2 Nbc6 10. Ne4 Ba5 11. Bxa5 Qxa5+ 12. Qd2 Qxd2+ 13. Nexd2 Nb4 14.
Kd1 Rd8 15. a3 Nbc6 16. Nb3 Nxd4 17. Nbxd4 Nf5 18. Bd3 Nxd4 19. Nxd4 Rxd4 20.
Ke2 h6 21. Rhd1 e5 22. Ke3 Bg4 23. f3 Be6 24. Be4 f5 25. Bc2 Rad8 26. Ke2 b5
27. b3 a5 28. a4 b4 29. Rab1 g5 30. Rxd4 exd4 31. Rd1 Rc8 32. Kd3 Rc3+ 33. Kd2
Bxb3 34. Bxb3+ Rxb3 35. Kc2 Rc3+ 36. Kb2 d3 37. Rd2 Ra3 38. Kb1 Kh8 39. Kb2 Kg8
40. Kb1 Kf7 41. Kb2 Ke6 42. Kc1 Kd5 43. Rb2 Kc4 44. Kd2 Rxa4 45. Rb1 Ra2+ 0-1

[Event "Tournoi Skype 028B"]
[Site "Skype"]
[Date "????.??.??"]
[Round "6.43"]
[White "Barrionuevo, Hilario"]
[Black "Battaglia, Gabriele"]
[Result "0-1"]
[WhiteElo "1058"]
[BlackElo "1245"]
[PlyCount "52"]

1. d4 Nf6 2. Bf4 g6 3. Nc3 Bg7 4. Nb5 d6 5. e4 Nxe4 6. Bd3 Nf6 7. Nf3 O-O 8.
Bc4 a6 9. Ng5 e6 10. Nc3 Nbd7 11. O-O Nh5 12. Re1 Nxf4 13. g3 Qxg5 14. Ne4 Qe7
15. gxf4 d5 16. Bxd5 exd5 17. Nc5 Qf6 18. Re3 Qxf4 19. Rg3 Bxd4 20. Rg2 Nxc5
21. c3 Be5 22. Qxd5 Ne4 23. Rf1 Bh3 24. Rg3 Nxg3 25. Re1 Ne2+ 26. Rxe2 Qc1+ 0-1

[Event "Tournoi Skype 028B"]
[Site "Skype"]
[Date "????.??.??"]
[Round "6.44"]
[White "Ruiz Gomez, Luz Alba"]
[Black "Bland, Marilyn"]
[Result "1-0"]
[WhiteElo "1190"]
[BlackElo "1000"]
[PlyCount "27"]

1. d4 d5 2. Bf4 Nf6 3. e3 e6 4. Nd2 Bd6 5. Bg3 O-O 6. Ngf3 Nc6 7. c3 Bd7 8. Bd3
Re8 9. Ne5 Nxe5 10. dxe5 Bc5 11. exf6 Qxf6 12. O-O Bc6 13. Qh5 h6 14. Bxc7 1-0

[Event "Tournoi Skype 028B"]
[Site "Skype"]
[Date "????.??.??"]
[Round "6.45"]
[White "Florez Beltran, Leidy Lucila"]
[Black "Chamorro Cajina, Ivan Antonio"]
[Result "1-0"]
[WhiteElo "1176"]
[BlackElo "1000"]
[PlyCount "73"]

1. e4 d5 2. exd5 Qxd5 3. Nc3 Qe6+ 4. Be2 Qg6 5. Nf3 Qxg2 6. Rf1 Bg4 7. Ne5 Qxh2
8. Nxg4 Qd6 9. d4 Nc6 10. d5 Ne5 11. Bf4 O-O-O 12. Nxe5 Qf6 13. Qd2 g5 14. Ne4
Qh6 15. Nxf7 Qb6 16. Nxd8 Qxb2 17. Qc1 Qd4 18. Nxg5 Kxd8 19. Nf7+ Ke8 20. Nxh8
Bg7 21. Rg1 Qxa1 22. Qxa1 Bxa1 23. Rxg8+ Kd7 24. Bg4+ e6 25. Bxe6+ Ke7 26. Kd2
c6 27. c3 Bb2 28. Bg5+ Kd6 29. Nf7+ Kc5 30. dxc6 Kxc6 31. Bf4 Kc5 32. Rc8+ Kb5
33. Nd6+ Ka6 34. Bc4+ b5 35. Rc6+ Ka5 36. Bxb5 Ba3 37. Ra6# 1-0

[Event "Tournoi Skype 028B"]
[Site "Skype"]
[Date "????.??.??"]
[Round "6.46"]
[White "Torres, Vicky"]
[Black "Yanez, Leticia Jorgelina"]
[Result "0-1"]
[WhiteElo "1055"]
[BlackElo "1147"]
[PlyCount "114"]

1. c4 Nf6 2. Nc3 e5 3. e4 Nc6 4. Nf3 Be7 5. d4 exd4 6. Nxd4 Bb4 7. Nxc6 bxc6 8.
Bd3 Bxc3+ 9. bxc3 d5 10. exd5 cxd5 11. O-O Ng4 12. Re1+ Kf8 13. Ba3+ Kg8 14.
Qf3 h5 15. Re7 Nh6 16. Qxd5 Be6 17. Qxd8+ Rxd8 18. Be2 Ng4 19. h3 Rh6 20. hxg4
hxg4 21. Rxc7 g6 22. g3 Kg7 23. Be7 Rdh8 24. Bh4 g5 25. Kg2 gxh4 26. Rh1 h3+
27. Kh2 Rf6 28. Rf1 Rb8 29. Rc5 Rb2 30. Re5 Rxe2 31. Rxe2 Bxc4 32. Re5 Bxf1 33.
Rg5+ Kh6 34. Rxg4 Rxf2+ 35. Kg1 Rg2+ 36. Kxf1 Kh5 37. Rh4+ Kg5 38. Rxh3 Rxa2
39. c4 Ra1+ 40. Kg2 Kf5 41. Kf3 Rf1+ 42. Ke3 Kg4 43. Rh4+ Kxg3 44. Re4 Rf3+ 45.
Kd4 a5 46. c5 a4 47. Kd5 a3 48. Ra4 f5 49. c6 Rd3+ 50. Kc5 f4 51. c7 Rc3+ 52.
Kb6 f3 53. Kb7 f2 54. c8=Q Rxc8 55. Kxc8 f1=Q 56. Rxa3+ Kg4 57. Kc7 Qc1+ 0-1

[Event "Tournoi Skype 028B"]
[Site "Skype"]
[Date "????.??.??"]
[Round "6.47"]
[White "Gomez Caballero, Blas"]
[Black "Pourtahmasbi, Ednun"]
[Result "1-0"]
[WhiteElo "1000"]
[BlackElo "1125"]
[PlyCount "63"]

1. e4 e5 2. Nf3 Nc6 3. Bb5 Nf6 4. Nc3 Bb4 5. O-O d6 6. h3 Be6 7. a3 Bxc3 8.
dxc3 Qd7 9. Ng5 h6 10. Nxe6 fxe6 11. f3 O-O-O 12. Bc4 Qe7 13. Qe2 d5 14. exd5
exd5 15. Ba6 Qe6 16. Bb5 g5 17. Ba4 e4 18. f4 Rhg8 19. f5 Qd7 20. Be3 Kb8 21.
b4 h5 22. b5 Na5 23. Bb3 Nxb3 24. cxb3 g4 25. h4 Qd6 26. b4 Rh8 27. Bg5 Rdf8
28. Qe3 Nh7 29. Bf4 Rxf5 30. Bxd6 Rxf1+ 31. Rxf1 cxd6 32. Qh6 1-0

[Event "Tournoi Skype 028B"]
[Site "Skype"]
[Date "????.??.??"]
[Round "6.48"]
[White "Conde, Abigail"]
[Black "Llabres, Sergio"]
[Result "0-1"]
[WhiteElo "1117"]
[BlackElo "1000"]
[PlyCount "140"]

1. c4 Nf6 2. d4 c6 3. Nc3 d5 4. c5 Bf5 5. Nf3 Nbd7 6. Bf4 Ne4 7. Nxe4 Bxe4 8.
e3 Nf6 9. Ne5 e6 10. f3 Bf5 11. Be2 h6 12. b4 a6 13. O-O Be7 14. e4 dxe4 15.
fxe4 Bxe4 16. Bg3 Bf5 17. Bf3 O-O 18. Qd2 Rc8 19. Rad1 Nd7 20. Nxd7 Qxd7 21.
Bh5 Bg5 22. Qe2 Bf6 23. Be5 Bxe5 24. Qxe5 f6 25. Qf4 Qe7 26. Rf3 Rcd8 27. Rg3
Kh8 28. a4 Rd5 29. Bg6 Bxg6 30. Rxg6 Rf5 31. Qe3 Qf7 32. Rg3 e5 33. d5 cxd5 34.
b5 axb5 35. axb5 d4 36. Qe4 Rf4 37. Qd3 Qd5 38. Qg6 Rg8 39. c6 bxc6 40. bxc6
Qxc6 41. Qf7 Qc2 42. Rf1 Qe4 43. Qh5 Rxf1+ 44. Kxf1 Qf4+ 45. Rf3 Qc1+ 46. Kf2
Qc2+ 47. Kg3 d3 48. Rf1 d2 49. Rd1 Qd3+ 50. Kh4 e4 51. Qf5 Qd4 52. g4 e3 53.
Qc2 Rf8 54. h3 f5 55. Kh5 f4 56. g5 Qd5 57. Kg4 f3 58. gxh6 Qe6+ 59. Kh4 Qxh6+
60. Kg3 f2 61. Rf1 Qf4+ 62. Kg2 Qf3+ 63. Kh2 e2 64. Qc4 exf1=Q 65. Qxf1 d1=Q
66. Qxd1 Qxd1 67. h4 f1=R 68. h5 Qxh5+ 69. Kg3 R1f3+ 70. Kg2 Qg4+ 0-1

[Event "Tournoi Skype 028B"]
[Site "Skype"]
[Date "????.??.??"]
[Round "6.49"]
[White "Guillaume, Mickael"]
[Black "Nakamura, Seiichi"]
[Result "1/2-1/2"]
[WhiteElo "1106"]
[BlackElo "1000"]
[PlyCount "82"]

1. e4 c6 2. d4 d5 3. Nc3 dxe4 4. Nxe4 Bf5 5. Bd3 Bxe4 6. Bxe4 Nf6 7. Bf3 e6 8.
Ne2 Bd6 9. Bf4 O-O 10. O-O Qe7 11. Qd2 Nbd7 12. c3 Rfe8 13. Bxd6 Qxd6 14. Rad1
Nb6 15. Ng3 Rad8 16. Ne4 Nxe4 17. Bxe4 h6 18. f4 Nc4 19. Qe2 Nb6 20. Bc2 Nd5
21. Qe4 Nf6 22. Qf3 Qd5 23. Bb3 Qxf3 24. Rxf3 a5 25. Re1 b6 26. h3 c5 27. f5
exf5 28. Rxe8+ Rxe8 29. Rxf5 cxd4 30. cxd4 Re1+ 31. Rf1 Rxf1+ 32. Kxf1 Ne8 33.
Ke2 Nd6 34. d5 Kf8 35. Kd3 Ke7 36. Bd1 f6 37. Kd4 g5 38. Be2 Kd7 39. g4 Ke7 40.
Bd3 Kd7 41. Bf5+ Ke7 1/2-1/2

[Event "Tournoi Skype 028B"]
[Site "Skype"]
[Date "????.??.??"]
[Round "6.50"]
[White "Ramirez, Luis Antonio"]
[Black "Quiel, Aristoteles"]
[Result "0-1"]
[WhiteElo "1075"]
[BlackElo "1000"]
[PlyCount "130"]

1. e4 e5 2. Qh5 Nc6 3. Nf3 Nf6 4. Qg5 h6 5. Qe3 b6 6. h3 Bc5 7. Qe2 a5 8. c3
Ba6 9. d3 d5 10. Qc2 dxe4 11. dxe4 Bxf1 12. Nbd2 Bxg2 13. Rg1 Bxf3 14. Nxf3 O-O
15. Bd2 Bxf2+ 16. Kxf2 Qd7 17. Rad1 Qxh3 18. Rg3 Ng4+ 19. Rxg4 Qxg4 20. Rg1 Qe6
21. b3 f5 22. Bf4 exf4 23. Kf1 fxe4 24. Qg2 Rf7 25. Qg4 exf3 26. Qxe6 Ne7 27.
Kf2 Nf5 28. Rd1 Nd6 29. Rxd6 cxd6 30. Qxd6 Rf6 31. Qd5+ Kh7 32. Qxa8 Rg6 33.
Qxf3 Rf6 34. Qe4+ Kg8 35. Kf3 h5 36. a3 g5 37. Qe8+ Kg7 38. Qxh5 Rg6 39. Qg4
Kf6 40. Ke4 Ke7 41. c4 Re6+ 42. Kf3 Re3+ 43. Kg2 Rg3+ 44. Qxg3 fxg3 45. Kxg3
Kd6 46. Kg4 Kc5 47. Kxg5 a4 48. bxa4 Kxc4 49. Kf5 Kb3 50. a5 bxa5 51. Ke5 Kxa3
52. Kd5 Kb3 53. Kc5 a4 54. Kd5 a3 55. Kd4 a2 56. Ke4 a1=Q 57. Kd5 Qa4 58. Ke6
Qa5 59. Kd7 Qa6 60. Ke8 Qa7 61. Kd8 Kc4 62. Ke8 Kd5 63. Kf8 Ke6 64. Kg8 Kf6 65.
Kh8 Qg7# 0-1

[Event "Tournoi Skype 028B"]
[Site "Skype"]
[Date "????.??.??"]
[Round "6.51"]
[White "Maccaferri, Massimo"]
[Black "Sosa, Juan Carlos"]
[Result "0-1"]
[WhiteElo "1074"]
[BlackElo "1000"]
[PlyCount "56"]

1. e4 e5 2. Bc4 Bc5 3. Nc3 Nf6 4. Nd5 Nxd5 5. Bxd5 c6 6. Bc4 d5 7. exd5 cxd5 8.
Bb3 O-O 9. Nf3 e4 10. d4 exd3 11. Qxd3 Re8+ 12. Be3 Bxe3 13. fxe3 Nc6 14. Bxd5
Qa5+ 15. c3 Ne5 16. Qf5 Bxf5 17. e4 Nd3+ 18. Ke2 Nf4+ 19. Kf2 Qb6+ 20. Kg3 Nxd5
21. exd5 Qg6+ 22. Kf2 Re4 23. Rad1 Rae8 24. Rd2 Bg4 25. Rg1 Qf6 26. Rd3 Re2+
27. Kg3 Qg6 28. Nh4 Qxd3+ 0-1

[Event "Tournoi Skype 028B"]
[Site "Skype"]
[Date "????.??.??"]
[Round "6.52"]
[White "Souza, Jeferson De Oliveira"]
[Black "Montilla Bejarano, Carmen"]
[Result "0-1"]
[WhiteElo "1000"]
[BlackElo "1073"]
[PlyCount "137"]

1. f4 e6 2. d4 d5 3. Nf3 Bd6 4. e3 Nf6 5. Bd3 Ne4 6. O-O h5 7. Nbd2 Nf6 8. Ne5
Nbd7 9. Rf3 Ng4 10. Nxg4 hxg4 11. Rg3 Qh4 12. Kf2 Nf6 13. Nf3 gxf3 14. Qxf3 e5
15. dxe5 Ng4+ 16. Ke2 Nxh2 17. Qf2 Qh5+ 18. Ke1 Ng4 19. Qf3 Qh1+ 20. Bf1 Nh2
21. Qf2 Ng4 22. Qf3 Qg1 23. exd6 Nh2 24. Qe2 Rh4 25. dxc7 Bg4 26. Qb5+ Bd7 27.
Qe2 Rc8 28. Rxg7 Rxc7 29. Rg8+ Ke7 30. e4 Kd6 31. e5+ Ke6 32. Be3 Qxf1+ 33.
Qxf1 Nxf1 34. Kxf1 Rh1+ 35. Kf2 Rxa1 36. b4 Rxa2 37. g4 Raxc2+ 38. Kf3 Rc8 39.
Rg7 R2c4 40. g5 Rf8 41. b5 d4 42. Bf2 d3 43. Be1 Rc2 44. Ke4 d2 45. f5+ Ke7 46.
f6+ Kd8 47. Bxd2 Rxd2 48. g6 fxg6 49. Rxg6 Be6 50. b6 axb6 51. Rg7 Rd7 52. Rg6
Ke8 53. Kf4 b5 54. Kg5 Rd5 55. Kf4 b4 56. Ke4 b3 57. Rg1 b2 58. Rb1 Ra5 59.
Rxb2 b5 60. Rc2 Kd8 61. Rd2+ Kc7 62. Rd6 Bf7 63. Kf5 Rd8 64. Ke4 Rxd6 65. exd6+
Kxd6 66. Kf5 b4+ 67. Kf4 b3 68. Ke3 b2 69. Kd2 0-1

[Event "Tournoi Skype 028B"]
[Site "Skype"]
[Date "????.??.??"]
[Round "6.53"]
[White "Vasquez Donaire, Ivis Godofredo"]
[Black "Dib, Catherine"]
[Result "0-1"]
[WhiteElo "1000"]
[BlackElo "1070"]
[PlyCount "64"]

1. e4 c5 2. Nf3 Nc6 3. Bc4 e6 4. O-O d6 5. d3 Nf6 6. c3 Be7 7. Bb3 O-O 8. Bc2
Bd7 9. Re1 Qc7 10. Bg5 Rfe8 11. Bxf6 Bxf6 12. d4 cxd4 13. Nxd4 a6 14. Qd3 h6
15. e5 Bxe5 16. Qh7+ Kf8 17. Re4 d5 18. Rh4 b5 19. Nf3 Bf6 20. Rg4 e5 21. Nh4
Bxg4 22. Ng6+ fxg6 23. Bxg6 e4 24. Bxe8 Rxe8 25. Qh8+ Kf7 26. Qh7 Qf4 27. h4
Be5 28. g3 Qf3 29. Nd2 Qe2 30. f4 Qxd2 31. fxe5 Nxe5 32. Qxg7+ Kxg7 0-1

[Event "Tournoi Skype 028B"]
[Site "Skype"]
[Date "????.??.??"]
[Round "6.54"]
[White "Latterra, Jeremias"]
[Black "Codina, Teresa"]
[Result "1/2-1/2"]
[WhiteElo "1065"]
[BlackElo "1310"]
[PlyCount "54"]

1. d4 d5 2. Bf4 Nf6 3. e3 e6 4. Bd3 Bd6 5. c3 Bxf4 6. exf4 Nbd7 7. Nf3 O-O 8.
Nbd2 b6 9. Qc2 h6 10. Nh4 Re8 11. f5 exf5+ 12. Kd1 Ne4 13. Nxe4 Qxh4 14. Nf6+
Nxf6 15. f3 Qf4 16. Re1 Bd7 17. Rxe8+ Rxe8 18. Qd2 Qxh2 19. Kc2 Qd6 20. c4 Qc6
21. b3 Qb7 22. a4 dxc4 23. Bxc4 Qc6 24. Kb2 Re7 25. d5 Qd6 26. Rd1 Re5 27. Qd4
a5 1/2-1/2

[Event "Tournoi Skype 028B"]
[Site "Skype"]
[Date "????.??.??"]
[Round "6.56"]
[White "Rodriguez Tovar, Liliana"]
[Black "Reese, Evan"]
[Result "0-1"]
[WhiteElo "1000"]
[BlackElo "1178"]
[PlyCount "92"]

1. e4 e5 2. Nf3 Nc6 3. c4 g6 4. Nc3 Bg7 5. d3 Nge7 6. Be2 O-O 7. O-O d6 8. h3
a6 9. Bg5 h6 10. Bh4 Be6 11. Bg3 Qd7 12. Qb3 b5 13. a4 bxc4 14. dxc4 Rab8 15.
Qc2 Nb4 16. Qd2 Nec6 17. c5 Nd4 18. Nxd4 exd4 19. Nd5 Nxd5 20. cxd6 cxd6 21.
exd5 Bxd5 22. Bxa6 Qc6 23. Bb5 Qc7 24. Qb4 Rbd8 25. a5 Qe7 26. a6 Qe4 27. f3
Qe3+ 28. Kh2 d3 29. Rfe1 Qd4 30. Qa3 Be5 31. Bxd3 Bxg3+ 32. Kxg3 g5 33. a7 Qh4+
34. Kh2 f5 35. g3 Qh5 36. Be2 g4 37. h4 f4 38. Rf1 fxg3+ 39. Kxg3 Qe5+ 40. f4
Qxe2 41. Rf2 Qe4 42. f5 Rxf5 43. Raf1 Rdf8 44. Qxd6 Rf3+ 45. Rxf3 Rxf3+ 46.
Rxf3 Qxf3+ 0-1

[Event "Tournoi Skype 028B"]
[Site "Skype"]
[Date "????.??.??"]
[Round "6.57"]
[White "Cifuentes, Jorge Mario"]
[Black "Schnell, Nicolas"]
[Result "0-1"]
[WhiteElo "1000"]
[BlackElo "1099"]
[PlyCount "84"]

1. d4 e6 2. Nf3 d5 3. Bg5 Be7 4. Bf4 Nf6 5. Ne5 O-O 6. e3 Nc6 7. c3 Nxe5 8.
Bxe5 Ne4 9. Nd2 Nd6 10. Bd3 Bh4 11. Qh5 Nf5 12. Nf3 Be7 13. g4 g6 14. Qh3 Bg5
15. gxf5 exf5 16. Nh4 Bxh4 17. Qf3 Be6 18. Rg1 Bf6 19. Bf4 Be7 20. Bh6 Re8 21.
Rg3 g5 22. h4 Bf8 23. Rxg5+ Kh8 24. Qg2 Bxh6 25. Rh5 Rg8 26. Qh2 Qf6 27. O-O-O
f4 28. Re5 fxe3 29. fxe3 Rae8 30. Rf1 Bxe3+ 31. Rxe3 Qxf1+ 32. Bxf1 Bf5 33. Rf3
Re1+ 34. Kd2 Rge8 35. Rxf5 R8e7 36. Kc2 b5 37. h5 b4 38. cxb4 R7e6 39. Rxf7
Rc6+ 40. Kd3 Rd1+ 41. Ke2 Rcc1 42. Qe5+ Kg8 0-1

[Event "Tournoi Skype 028B"]
[Site "Skype"]
[Date "????.??.??"]
[Round "6.58"]
[White "Martinez, Danny"]
[Black "Crocioni, Luca"]
[Result "1-0"]
[WhiteElo "1090"]
[BlackElo "1000"]
[PlyCount "157"]

1. e4 e5 2. Nf3 d6 3. d4 exd4 4. Nxd4 Be7 5. Bc4 Nf6 6. Nc3 Bd7 7. O-O Nc6 8.
h3 Ne5 9. Bb3 O-O 10. Bf4 Bc6 11. Qd2 Ng6 12. Bg3 Nd7 13. Rad1 Bh4 14. Nf5 Bxg3
15. Nxg3 Nde5 16. Bd5 Qg5 17. f4 Nxf4 18. Qf2 Nxd5 19. Nxd5 Rac8 20. Qf5 Qxg3
21. Ne7+ Kh8 22. Nxc8 f6 23. Nxa7 Qe3+ 24. Qf2 Qxe4 25. Nxc6 Qxc6 26. Kh2 Ng6
27. Rde1 d5 28. Re2 Qd6+ 29. Kg1 Kg8 30. Rfe1 c5 31. Qe3 Ne5 32. Kf1 Ra8 33.
Qb3 b6 34. Rd1 c4 35. Qb5 d4 36. c3 d3 37. Re4 Kf7 38. Rd4 Qe6 39. Qd5 Qxd5 40.
Rxd5 Rxa2 41. Rd2 Ke6 42. Rb5 Ra1+ 43. Kf2 Ra6 44. Ke3 g5 45. Ke4 Nc6 46. b3
cxb3 47. Rxb3 f5+ 48. Kxd3 Ne5+ 49. Ke2 h5 50. Kf2 g4 51. Rb5 Kf6 52. Rd6+ Ke7
53. Rh6 Nd3+ 54. Ke3 Nc5 55. Rxh5 gxh3 56. Rxh3 Kf6 57. Rh6+ Kg5 58. Rhxb6 Ne4
59. Rxa6 Nxc3 60. Rb4 Nd5+ 61. Kd4 Nxb4 62. Rb6 Nc2+ 63. Kd3 Ne3 64. Kxe3 Kg4
65. Kf2 f4 66. Rb4 Kf5 67. Kf3 Kg5 68. Rxf4 Kh5 69. Kg3 Kg5 70. Rf3 Kg6 71. Kg4
Kh6 72. Rf4 Kg6 73. Rf5 Kh6 74. Rf6+ Kh7 75. Kg5 Kg7 76. Rf5 Kh7 77. Rf7+ Kh8
78. Kg6 Kg8 79. Rf6 1-0

[Event "Tournoi Skype 028B"]
[Site "Skype"]
[Date "????.??.??"]
[Round "6.59"]
[White "Escudero Ocana, Francisco"]
[Black "Martins, Rodrigo Baldo"]
[Result "1-0"]
[WhiteElo "1398"]
[BlackElo "1000"]
[PlyCount "53"]

1. e4 e5 2. Nf3 d6 3. c4 c5 4. a3 Bg4 5. b4 Nd7 6. Be2 Ngf6 7. Nc3 a6 8. Bb2
Be7 9. bxc5 Nxc5 10. Qc2 Ncxe4 11. Nxe4 Bf5 12. Nxf6+ Bxf6 13. Qxf5 g6 14. Qd3
Rc8 15. O-O Rc5 16. Ne1 Bh4 17. f4 O-O 18. fxe5 Qe7 19. Qxd6 Qxd6 20. exd6 Be7
21. dxe7 Re8 22. Bf6 Rc7 23. Nc2 a5 24. Ne3 Rc6 25. Ng4 Rxf6 26. Nxf6+ Kg7 27.
Nxe8+ 1-0

[Event "Tournoi Skype 028B"]
[Site "Skype"]
[Date "????.??.??"]
[Round "6.60"]
[White "Trapletti, Cosetta"]
[Black "Ruiz Aguilera, Juan Jesus"]
[Result "0-1"]
[WhiteElo "1026"]
[BlackElo "1083"]
[PlyCount "58"]

1. d4 d5 2. Bf4 e6 3. e3 Bd6 4. Be2 h6 5. Nf3 c5 6. c4 cxd4 7. exd4 Bxf4 8. Qc2
Nf6 9. g3 Bc7 10. c5 Nbd7 11. Nc3 O-O 12. h3 b6 13. b4 bxc5 14. bxc5 Bb7 15.
Qa4 Nb8 16. Bb5 a6 17. c6 axb5 18. Qxb5 Bxc6 19. Qb4 Ba5 20. Qc5 Nbd7 21. Qxc6
Rc8 22. Qb5 Bxc3+ 23. Kd1 Bxa1 24. Nd2 Bxd4 25. Qe2 Bxf2 26. Qxf2 Ne4 27. Nxe4
dxe4 28. Re1 Ne5+ 29. Ke2 Qd3# 0-1

[Event "Tournoi Skype 028B"]
[Site "Skype"]
[Date "????.??.??"]
[Round "6.61"]
[White "Tolaro, Filippa"]
[Black "Arias, Iliak"]
[Result "1-0"]
[WhiteElo "1065"]
[BlackElo "1000"]
[PlyCount "65"]

1. Nf3 d5 2. d4 Nc6 3. b3 Nf6 4. Bb2 e6 5. e3 Bb4+ 6. Nbd2 O-O 7. a3 Bd6 8. Bd3
Re8 9. O-O Bd7 10. Ne5 Nxe5 11. dxe5 Bxe5 12. Bxe5 Ng4 13. Qxg4 g6 14. Bxc7
Qxc7 15. Nf3 f5 16. Qh4 Qd8 17. Ng5 Re7 18. c4 Rg7 19. Qg3 dxc4 20. Bxc4 Qe7
21. Rfd1 Rd8 22. a4 h6 23. Nxe6 Bxe6 24. Bxe6+ Qxe6 25. Rxd8+ Kh7 26. h4 Qe4
27. Rd4 Qc2 28. b4 Qb2 29. Rad1 Qc3 30. Rd7 Rxd7 31. Rxd7+ Kg8 32. Qb8+ Qc8 33.
Qxc8# 1-0

[Event "Tournoi Skype 028B"]
[Site "Skype"]
[Date "????.??.??"]
[Round "6.62"]
[White "Rodriguez, Gisselle"]
[Black "Schuh, David"]
[Result "0-1"]
[WhiteElo "1000"]
[BlackElo "1057"]
[PlyCount "66"]

1. d4 Nf6 2. Bf4 e6 3. e3 Bb4+ 4. Nd2 d6 5. c3 Ba5 6. Qa4+ c6 7. Ngf3 O-O 8.
Bc4 d5 9. Bb3 Bd7 10. Rc1 b5 11. Qa3 a6 12. Nc4 Bc7 13. Na5 Bxa5 14. h4 Bc7 15.
Ng5 Bxf4 16. exf4 Re8 17. Rd1 h6 18. Nf3 a5 19. c4 bxc4 20. Ba4 Na6 21. Rh3 Rb8
22. Qe3 Rxb2 23. Qc1 Rxa2 24. Rd2 Rxa4 25. h5 c5 26. dxc5 Nxc5 27. Qc3 Nd3+ 28.
Rxd3 cxd3 29. Qxd3 Ra2 30. Qe3 Qc7 31. Ng5 Rc8 32. Rg3 Qc1+ 33. Qxc1 Rxc1# 0-1

[Event "Tournoi Skype 028B"]
[Site "Skype"]
[Date "????.??.??"]
[Round "6.63"]
[White "Gagnon, Sindy"]
[Black "Fuentes, Francisco"]
[Result "1-0"]
[WhiteElo "1043"]
[BlackElo "1000"]
[PlyCount "73"]

1. e4 e5 2. Nf3 d6 3. d4 Nc6 4. Bd3 Be6 5. O-O Nxd4 6. Nbd2 Nxf3+ 7. Qxf3 Qf6
8. Qe3 O-O-O 9. Bc4 d5 10. exd5 Bxd5 11. b3 e4 12. Rb1 Ne7 13. Ba3 Bc6 14. Nxe4
Bxe4 15. Qxe4 Qe6 16. Bxe6+ Rd7 17. Bxd7+ Kd8 18. Qd4 Nc6 19. Bxc6+ Bd6 20.
Bxb7 Kd7 21. Rfd1 Re8 22. Qxg7 Rb8 23. Qxf7+ Kd8 24. Qg8+ Kd7 25. Qxb8 Ke6 26.
Re1+ Kf6 27. Bb2+ Kg6 28. Bf3 a5 29. Re4 h5 30. Rbe1 a4 31. bxa4 Bb4 32. R1e3
Bc5 33. Bd4 Be7 34. Rxe7 h4 35. R3e5 Kf6 36. Qe8 c5 37. Qf7# 1-0

[Event "Tournoi Skype 028B"]
[Site "Skype"]
[Date "????.??.??"]
[Round "6.64"]
[White "Mira Poveda, Jose Antonio"]
[Black "Orellana, Claudia"]
[Result "1-0"]
[WhiteElo "1000"]
[BlackElo "1000"]
[PlyCount "67"]

1. e4 e5 2. Nf3 c5 3. Nxe5 d6 4. Nc4 Nf6 5. Nc3 Be7 6. Bd3 O-O 7. O-O Nbd7 8.
Nd5 Rb8 9. b3 a6 10. Bb2 b5 11. Nxf6+ Nxf6 12. Ne3 Re8 13. Nf5 g6 14. Nh6+ Kg7
15. Bxf6+ Bxf6 16. Ng4 d5 17. Qf3 Re6 18. Rfe1 Rbb6 19. Rab1 Rbc6 20. exd5 Bd7
21. dxc6 Rxc6 22. Ne5 Rd6 23. Qf4 Qe7 24. Nxf7 Kxf7 25. Rxe7+ Kxe7 26. Re1+ Be6
27. Qh6 c4 28. Qxh7+ Kf8 29. Bxg6 Bg7 30. Qh4 Kg8 31. Qf4 Rc6 32. Qb8+ Bf8 33.
Qb7 Rd6 34. Qh7# 1-0

[Event "Tournoi Skype 028B"]
[Site "Skype"]
[Date "????.??.??"]
[Round "6.65"]
[White "Duenas Luna, Carlos Eduardo"]
[Black "Rodgerson, Michael"]
[Result "1-0"]
[WhiteElo "1000"]
[BlackElo "1000"]
[PlyCount "35"]

1. e4 e5 2. Bc4 Nc6 3. Nf3 Qe7 4. Nc3 d6 5. Nd5 Qe6 6. Nxc7+ Ke7 7. Nxe6 Bxe6
8. Bxe6 Kxe6 9. d3 Re8 10. Ng5+ Ke7 11. Be3 f6 12. Nf3 b6 13. d4 exd4 14. Bxd4
Nxd4 15. Nxd4 g6 16. Qg4 Nh6 17. Qe6+ Kd8 18. Nc6+ 1-0